000 00974nam a2200241Ia 4500
999 _c41386
_d41386
001 8048
003 GE_BSU
005 20200117121758.0
008 181216s2012||||ge |||||||||||||| ||geo||
020 _a9789941926921
040 _cGE_BSU
041 _ageo
080 _a821.353.1-1 ჭ–15
100 _aჭავჭავაძე, ილია
_96204
245 _aპოეზია /
_cპროექტ.ავტ. და მთ. რედ. მ. გონაშვილი; შემდგ. ნ. ჭოჭუა; მხატვ. გ. გუგუშვილი.
264 _aთბილისი :
_bმერანი,
_c2012.
300 _a146 გვ.
_b15 სმ.
653 _aპოეზია
700 _aგონაშვილი, მ.
_eრედაქტორი
_96205
700 _aნ. ჭოჭუა
_eშემდგენელი
_96206
700 _a გუგუშვილი,გ.
_eმხატვარი
_96207
942 _cBK
_2udc